000 00716nam a2200217Ia 4500
001 23801
003 GE_BSU
008 181216s||||||||xx |||||||||||||| ||und||
040 _cGE_BSU
245 _aВрач. №9 том.29.Сентябрь. 2018
245 _bЕжемесячный научно-практический журнал
245 _cГл.ред. Денисов И.Н. и др,
260 _aмосква
260 _c2018г.
300 _a88с;28см;
653 _aВрач. №9 том.29.Сентябрь. 2018
653 _aежемесячный научно-практический журнал
653 _aПериодика
653 _aპერიოდიკა
942 _cCR
999 _c56679
_d56679